00596nam a2200169Ia 4500008004100000020001800041041000800059082001700067100005200084245005000136250000600186260005200192300000800244650001800252999001900270952013700289210716s2004 xx 000 0 und d a9788131505274 aeng a005.133 BARR aBarnett, Richard; Ocull, Larry; Cox, Sarah Cox. aEmbedded c programming and the microchip pic. a1 aNew DelhibCengage Learning India Pvt Ltdc2004 a427 aC Programming c189772d189772 001040708MCAaAIMITbAIMITeHigginbothams Pvt Ltdg462.00l0o005.133 BARRpMCA09280r2025-07-21 00:00:00v346.50w2021-07-16yBK